000 00458nam a22001817a 4500
005 20180208145040.0
008 160429b xxu||||| |||| 00| 0 eng d
020 _a81-2030671-6
041 _aeng
082 _b00780
_a005.741
100 _aLoomis, Mary E.S.
_9224
245 _aData Management and file structures
250 _a2nd ed.
260 _aNew Delhi
_bPHI Pvt Ltd.
_c2004
300 _a488
650 _aInformation Technology
_9137
942 _cBK
999 _c252
_d252